Statistiques concernant Les Aventures de Tintin

Cliquez ici pour prendre le quiz!

Statistiques générales

  • Ce quiz a été pris 77 fois
  • Le résultat moyen est 14 sur 24

Statistiques - réponses

Numéro de l'album du livreRépondre% Correct
Tintin #2Tintin au Congo
91%
Tintin #3Tintin en Amérique
84%
Tintin #5Le Lotus bleu
76%
Tintin #4Les Cigares du Pharaon
73%
Tintin #16Objectif Lune
73%
Tintin #12Le Trésor de Rackham le Rouge
71%
Tintin #17On A Marché Sur la Lune
70%
Tintin #6L’Oreille cassée
69%
Tintin #7L’ile Noire
67%
Tintin #21Les Bijoux de la Castafiore
66%
Tintin #1Tintin au pays des Soviets
66%
Tintin #19Coke en stock
64%
Tintin #9Le Crabe aux pinces d’or
61%
Tintin #10L’étoile mystérieuse
61%
Tintin #8Le Sceptre d’Ottokar
57%
Tintin #18L’Affaire Tournesol
56%
Tintin #23Tintin et les Picaros
51%
Tintin #13Les 7 Boules de Cristal
43%
Tintin #15Tintin au pays de L'or Noir
43%
Tintin #22Vol 714 Pour Sydney
40%
Tintin #14Le Temple du Soleil
37%
Tintin #24Tintin et L’Alph-Art
30%
Tintin #11Le Secret la Licorne
1%
Tintin #20Tintin en Tibet
0%

Distribution des résultats

Percentile par nombre de réponses

% des personnes avec chaque résultat

Votre développement - résultats

Vous n’avez pas pris ce quiz